000 00528cam a2200205 4500
001 D16026
008 090401t1963 xxu||||| |||| 00| 0 eng d
035 _a(Sirsi) u26627
041 _aeng
050 _a336.21
_c18
100 _aArcher-Lock, A.
245 _aRating appeals in England and Wales
260 _a[S.l.]
_bCLAS
_c1963
490 _aCLAS Technical Leaflet
650 _aRATING APPEALS
690 _aRATING AND LOCAL TAXATION
710 _aChartered Land Agents' Society
942 _n0
948 _c04/03/1997
999 _c88957
_d88957